| 000 | 01081cam a22003257a 4500 | ||
|---|---|---|---|
| 003 | CHAP | ||
| 005 | 20220329142522.0 | ||
| 008 | 010827d1998 mx r 00110 spa d | ||
| 010 | _a84535 | ||
| 011 | _a85507 | ||
| 020 | _a9688845027 | ||
| 035 | _a96040 | ||
| 040 | _cCHAP | ||
| 082 | 0 | 4 |
_a630.72 _bC73 1998 |
| 111 | 0 | 0 |
_aCongreso Estatal de Investigación en Educación, Ciencia y Tecnología _c(2 : _d1998 : _eChapingo, Méx.) _926693 |
| 245 | 1 | 0 |
_aLibro de resúmenes _c/por UACH |
| 260 |
_aChapingo, Méx. : _bUACH, _c1998. |
||
| 300 | _a133 p. | ||
| 590 |
_aBATCH-UPD _b10 _c20130110 _lUCH01 _h0635 |
||
| 590 |
_aBATCH-UPD _b10 _c20130410 _lUCH01 _h0318 |
||
| 590 |
_aBATCH-UPD _b10 _c20130914 _lUCH01 _h1030 |
||
| 590 |
_aCONVERSION _b10 _c20130109 _lUCH01 _h1347 |
||
| 650 | 1 | 4 |
_aAgricultura _xInvestigacion _xCongresos. _91605 |
| 650 | 1 | 4 |
_aDesarrollo sustentable _xCongresos. _932085 |
| 650 | 1 | 4 |
_aRecursos naturales _xCongresos. _995219 |
| 901 | _aBK | ||
| 905 | _aLilia Sánchez G. | ||
| 942 | _cLIBRO | ||
| 949 |
_a630.72 C73 1998 _bBC _cUACH _d960401 _eUACH _h101321 _i96040 _sb |
||
| 999 |
_c84535 _d84535 |
||